[Event "Quebec-ch U14"]
[Site "Montreal CAN"]
[Date "2018.01.14"]
[Round "4"]
[White "Cossette-Labbe, Raphael"]
[Black "Chang-Solomon, Donnell"]
[Result "0-1"]
[WhiteElo "857"]
[BlackElo "1112"]
[PlyCount "182"]
[EventDate "2018.01.12"]
[EventType "swiss"]
[EventRounds "5"]
[EventCountry "CAN"]

1. e3 e5 2. Nf3 e4 3. Nd4 c5 4. Nf5 d5 5. b3 Bxf5 6. Nc3 d4 7. exd4 cxd4 8. Ne2
Nc6 9. Nf4 Bd6 10. d3 Bxf4 11. Bxf4 exd3 12. cxd3 Qa5+ 13. Bd2 Qe5+ 14. Be2
Bxd3 15. f4 Qxe2+ 16. Qxe2+ Bxe2 17. Kxe2 Nf6 18. Rhe1 O-O 19. Kf1 Rfe8 20.
Rxe8+ Rxe8 21. b4 Nd5 22. b5 Ncb4 23. f5 Nc2 24. Rc1 d3 25. a4 Nde3+ 26. Bxe3
Rxe3 27. Kf2 f6 28. a5 Re2+ 29. Kf1 d2 30. Rd1 Re1+ 31. Kf2 Rxd1 32. Ke2 Re1+
33. Kxd2 Re5 34. Kxc2 Rxb5 35. a6 bxa6 36. Kc3 Rxf5 37. g4 Rf4 38. h3 Rf3+ 39.
Kd4 Rxh3 40. Ke4 Kf7 41. Kf4 g5+ 42. Ke4 Rh4 43. Kf3 a5 44. Ke3 Rxg4 45. Kd3 h5
46. Ke3 f5 47. Kf3 a4 48. Ke3 a3 49. Kd3 Rg2 50. Kc3 a2 51. Kb3 a1=N+ 52. Kc3
f4 53. Kd3 a5 54. Kc3 f3 55. Kd3 a4 56. Ke3 g4 57. Kd3 a3 58. Kc3 f2 59. Kd3
f1=N 60. Kc3 Rd2 61. Kb4 a2 62. Kc3 g3 63. Kb4 g2 64. Kc3 g1=N 65. Kb4 Ne2 66.
Kc4 h4 67. Kb4 h3 68. Kc4 Rd5 69. Kxd5 h2 70. Kc4 h1=N 71. Kd3 Nc1+ 72. Kc3
Nab3 73. Kb2 a1=N 74. Kc3 Nbd2 75. Kb2 Nab3 76. Kc2 Ne3+ 77. Kc3 Nec4 78. Kb4
Na2+ 79. Kb5 Nf2 80. Ka4 Nc3+ 81. Kb4 Ne2 82. Ka4 Nb2+ 83. Ka3 Nfd3 84. Ka2
Nc3+ 85. Ka3 Ncb1+ 86. Ka2 Nbc1+ 87. Ka1 Ne2 88. Ka2 Ke6 89. Ka1 Nbc4 90. Ka2
Nbc3+ 91. Ka1 Nb3# 0-1

[Event "Quebec-ch U14"]
[Site "Montreal CAN"]
[Date "2018.01.14"]
[Round "4"]
[White "Huang, Qiuyu"]
[Black "Craciun, David"]
[Result "1-0"]
[WhiteElo "2245"]
[BlackElo "1730"]
[PlyCount "60"]
[EventDate "2018.01.12"]
[EventType "swiss"]
[EventRounds "5"]
[EventCountry "CAN"]

1. e4 e5 2. Nf3 Nc6 3. Bc4 Bc5 4. c3 Nf6 5. d3 a6 6. Bb3 d6 7. h3 Ba7 8. O-O
O-O 9. Bg5 h6 10. Bh4 g5 11. Bg3 Nh5 12. Kh2 Nxg3 13. fxg3 Kg7 14. g4 Ne7 15.
Nbd2 c6 16. d4 Ng6 17. Nc4 Qe7 18. g3 exd4 19. cxd4 f6 20. Qd3 d5 21. exd5 cxd5
22. Bc2 f5 23. Ne3 Qe4 24. Qd2 Qe8 25. gxf5 Ne7 26. Ne5 Nc6 27. f6+ Rxf6 28.
Qd3 Qg8 29. Nxd5 Rd6 30. Rf7+ Kh8 1-0

[Event "Quebec-ch U14"]
[Site "Montreal CAN"]
[Date "2018.01.14"]
[Round "4"]
[White "Omichi, Haruaki"]
[Black "Zhong, Wenxuan"]
[Result "0-1"]
[WhiteElo "1703"]
[BlackElo "1839"]
[PlyCount "80"]
[EventDate "2018.01.12"]
[EventType "swiss"]
[EventRounds "5"]
[EventCountry "CAN"]

1. e4 d6 2. d4 Nf6 3. Nc3 g6 4. Be3 Bg7 5. f3 Nc6 6. Qd2 e5 7. Nge2 a6 8. g4
exd4 9. Nxd4 Ne5 10. Be2 h6 11. h4 d5 12. Nb3 Be6 13. Nc5 dxe4 14. N3xe4 Nxe4
15. Nxe4 Qxd2+ 16. Bxd2 O-O-O 17. Bc3 f6 18. Rg1 Rhe8 19. Kf2 g5 20. hxg5 fxg5
21. Rad1 Bd5 22. Ng3 Bf8 23. Nf5 Ng6 24. Ne3 Nf4 25. Rh1 Rxe3 26. Kxe3 Re8+ 27.
Kd2 Rxe2+ 28. Kc1 Bxf3 29. Rhe1 Bxg4 30. Bf6 Bd6 31. Bg7 Re6 32. Rxe6 Nxe6 33.
Rg1 Bf4+ 34. Kb1 Nxg7 35. Rxg4 h5 36. Rg2 h4 37. c3 Nf5 38. Re2 h3 39. Kc2 h2
40. Re1 Ng3 0-1

[Event "Quebec-ch U14"]
[Site "Montreal CAN"]
[Date "2018.01.14"]
[Round "4"]
[White "Richard, Leo"]
[Black "Rasmussen, Nicolas"]
[Result "1-0"]
[WhiteElo "1874"]
[BlackElo "1214"]
[PlyCount "45"]
[EventDate "2018.01.12"]
[EventType "swiss"]
[EventRounds "5"]
[EventCountry "CAN"]

1. e4 e6 2. d4 d5 3. e5 c5 4. c3 Nc6 5. Nf3 Qb6 6. a3 c4 7. Be2 Nh6 8. O-O Nf5
9. Nbd2 Be7 10. Re1 O-O 11. Rb1 Qc7 12. Nf1 b5 13. Ne3 Nxe3 14. Bxe3 f6 15.
exf6 Rxf6 16. Ne5 Nxe5 17. dxe5 Rf5 18. Bd4 Bc5 19. Bf3 Bxd4 20. Qxd4 a5 21.
Bxd5 Ra6 22. Be4 Rg5 23. Rbd1 1-0

[Event "Quebec-ch U14"]
[Site "Montreal CAN"]
[Date "2018.01.14"]
[Round "4"]
[White "Wang, Isabelle"]
[Black "Laroche, Hugo"]
[Result "1/2-1/2"]
[WhiteElo "1635"]
[BlackElo "1394"]
[PlyCount "45"]
[EventDate "2018.01.12"]
[EventType "swiss"]
[EventRounds "5"]
[EventCountry "CAN"]

1. e4 e5 2. Nf3 Nc6 3. Nc3 Bc5 4. Nxe5 Nxe5 5. d4 Bb6 6. dxe5 h6 7. Qf3 d6 8.
exd6 Qxd6 9. Bd3 Nf6 10. h3 O-O 11. O-O Re8 12. Bf4 Qe7 13. Rae1 Qb4 14. Rb1 c6
15. Bxh6 gxh6 16. Qxf6 Re6 17. Qf4 Bd4 18. Qd2 Rg6 19. Kh1 Qa5 20. a3 Qh5 21.
f4 Bxh3 22. gxh3 Rg3 23. Rg1 1/2-1/2

[Event "Quebec-ch U14"]
[Site "Montreal CAN"]
[Date "2018.01.14"]
[Round "5"]
[White "Farahdel, Anahita"]
[Black "Cossette-Labbe, Raphael"]
[Result "1-0"]
[WhiteElo "1175"]
[BlackElo "857"]
[PlyCount "42"]
[EventDate "2018.01.12"]
[EventType "swiss"]
[EventRounds "5"]
[EventCountry "CAN"]

1. e4 e5 2. Nf3 Nc6 3. Bc4 Nf6 4. d3 Bc5 5. O-O d5 6. exd5 Nxd5 7. Re1 f6 8. c3
O-O 9. d4 exd4 10. cxd4 Bb4 11. Bd2 Bxd2 12. Nbxd2 Re8 13. Rxe8+ Qxe8 14. Bxd5+
Kh8 15. Qe1 Qd8 16. Bxc6 bxc6 17. Qe4 f5 18. Qxc6 Rb8 19. Ng5 Qf8 20. Qxc7 Bb7
21. Ne6 Qe8 1-0

[Event "Quebec-ch U14"]
[Site "Montreal CAN"]
[Date "2018.01.14"]
[Round "5"]
[White "Huang, Qiuyu"]
[Black "Chang-Solomon, Donnell"]
[Result "1-0"]
[WhiteElo "2245"]
[BlackElo "1112"]
[PlyCount "45"]
[EventDate "2018.01.12"]
[EventType "swiss"]
[EventRounds "5"]
[EventCountry "CAN"]

1. e4 e6 2. d4 d5 3. Nc3 Bb4 4. e5 c5 5. a3 cxd4 6. axb4 dxc3 7. Nf3 cxb2 8.
Bxb2 Ne7 9. Bd3 O-O 10. h4 Qb6 11. b5 Bd7 12. Ba3 Re8 13. Ng5 Qa5+ 14. Kf1 Bxb5
15. Bxe7 Bxd3+ 16. cxd3 Qc3 17. Bd6 h6 18. Ra3 Qb2 19. Qh5 Nc6 20. Qxf7+ Kh8
21. g3 Nxe5 22. Bxe5 Qxe5 23. Qxe8+ 1-0

[Event "Quebec-ch U14"]
[Site "Montreal CAN"]
[Date "2018.01.14"]
[Round "5"]
[White "Laroche, Hugo"]
[Black "Richard, Leo"]
[Result "0-1"]
[WhiteElo "1394"]
[BlackElo "1874"]
[PlyCount "60"]
[EventDate "2018.01.12"]
[EventType "swiss"]
[EventRounds "5"]
[EventCountry "CAN"]

1. d4 Nf6 2. Bf4 d5 3. Nf3 Bf5 4. e3 e6 5. Nh4 Be4 6. Nd2 c5 7. Nxe4 Nxe4 8.
Nf3 Nc6 9. c3 cxd4 10. exd4 Be7 11. Bd3 Nf6 12. Ne5 O-O 13. O-O Rc8 14. Nxc6
Rxc6 15. h3 a6 16. Re1 b5 17. a3 Qb6 18. Qb3 Bd6 19. Bxd6 Rxd6 20. Re2 Rb8 21.
f4 g6 22. Qc2 a5 23. b4 Rc6 24. Qb2 axb4 25. axb4 Rbc8 26. Rc2 Rxc3 27. Rxc3
Qxd4+ 28. Kh1 Rxc3 29. Bxb5 Rxh3+ 30. gxh3 Qxb2 0-1

[Event "Quebec-ch U14"]
[Site "Montreal CAN"]
[Date "2018.01.14"]
[Round "5"]
[White "Rasmussen, Nicolas"]
[Black "Omichi, Haruaki"]
[Result "0-1"]
[WhiteElo "1214"]
[BlackElo "1703"]
[PlyCount "48"]
[EventDate "2018.01.12"]
[EventType "swiss"]
[EventRounds "5"]
[EventCountry "CAN"]

1. e4 c5 2. Nc3 Nc6 3. f4 g6 4. Nf3 Bg7 5. Bb5 e6 6. Bxc6 bxc6 7. O-O Ne7 8. d3
d5 9. e5 Ba6 10. b3 O-O 11. Na4 c4 12. dxc4 dxc4 13. Qxd8 Rfxd8 14. Nc5 Bc8 15.
b4 Nd5 16. a3 a5 17. Bd2 c3 18. Be1 Nxf4 19. Bh4 Re8 20. Ne4 Ba6 21. Rf2 axb4
22. axb4 Be2 23. Rxa8 Rxa8 24. Nd4 Ra1+ 0-1

[Event "Quebec-ch U14"]
[Site "Montreal CAN"]
[Date "2018.01.14"]
[Round "5"]
[White "Wang, Isabelle"]
[Black "Tanaka, Tyler"]
[Result "1/2-1/2"]
[WhiteElo "1635"]
[BlackElo "2160"]
[PlyCount "26"]
[EventDate "2018.01.12"]
[EventType "swiss"]
[EventRounds "5"]
[EventCountry "CAN"]

1. e4 c5 2. Nf3 Nc6 3. d4 cxd4 4. Nxd4 g6 5. Nc3 Bg7 6. Be3 Nf6 7. f3 O-O 8.
Qd2 d5 9. O-O-O dxe4 10. Nxe4 Nxe4 11. fxe4 Nxd4 12. Bxd4 Be6 13. Bxg7 Kxg7
1/2-1/2

[Event "Quebec-ch U16"]
[Site "Montreal CAN"]
[Date "2018.01.12"]
[Round "1"]
[White "Durette, Francis"]
[Black "Ivakhin, Mikhail"]
[Result "0-1"]
[WhiteElo "2113"]
[BlackElo "2028"]
[PlyCount "88"]
[EventDate "2018.01.12"]
[EventType "tourn"]
[EventRounds "6"]
[EventCountry "CAN"]

1. c4 e5 2. Nc3 d6 3. e4 f5 4. d3 Nf6 5. g3 c6 6. Bg2 Be7 7. Nge2 O-O 8. O-O
Na6 9. h3 Nc5 10. b4 Ne6 11. exf5 Nc7 12. g4 h5 13. Ng3 hxg4 14. hxg4 d5 15. c5
a5 16. g5 Nh7 17. f6 Bxf6 18. gxf6 Nxf6 19. bxa5 Ne6 20. Qe2 Qxa5 21. Qxe5 Ng4
22. Qe1 Qxc5 23. Be3 d4 24. Nce4 Qe7 25. Bh3 Ne5 26. Qe2 Nf3+ 27. Kg2 dxe3 28.
fxe3 Ned4 29. exd4 Bxh3+ 30. Kh1 Bxf1 31. Nxf1 Qh4+ 32. Nh2 Nxh2 33. Qxh2 Qxh2+
34. Kxh2 Rfd8 35. Nc5 Rxd4 36. Nxb7 Rxd3 37. a4 Rb8 38. Nc5 Rb2+ 39. Kg1 Rg3+
40. Kh1 Rh3+ 41. Kg1 Rbh2 42. Ra3 Rh1+ 43. Kg2 Rxa3 44. Kxh1 Kf7 0-1

[Event "Quebec-ch U16"]
[Site "Montreal CAN"]
[Date "2018.01.12"]
[Round "1"]
[White "Ouellet, Maili-Jade"]
[Black "Tinica, Gabriel"]
[Result "1-0"]
[WhiteElo "2251"]
[BlackElo "1910"]
[PlyCount "61"]
[EventDate "2018.01.12"]
[EventType "tourn"]
[EventRounds "6"]
[EventCountry "CAN"]

1. d4 Nf6 2. c4 g6 3. Nc3 Bg7 4. e4 O-O 5. f4 d6 6. Nf3 c5 7. d5 e6 8. Be2 exd5
9. cxd5 b5 10. e5 dxe5 11. fxe5 Ng4 12. Bg5 f6 13. exf6 Bxf6 14. Bxf6 Qxf6 15.
Qd2 b4 16. Nd1 Ba6 17. O-O Bxe2 18. Qxe2 Na6 19. Qc4 Qf4 20. Qxa6 Rf6 21. Qe2
Raf8 22. Nf2 Ne3 23. Nd3 Qh6 24. Nxc5 Nxf1 25. Rxf1 Rf5 26. Rd1 Qh5 27. Nd7
R8f7 28. Rd4 Rxd5 29. Qe8+ Kg7 30. Nde5 Rxd4 31. Qxf7+ 1-0

[Event "Quebec-ch U16"]
[Site "Montreal CAN"]
[Date "2018.01.13"]
[Round "2"]
[White "Ouellet, Maili-Jade"]
[Black "Durette, Francis"]
[Result "1-0"]
[WhiteElo "2251"]
[BlackElo "2113"]
[PlyCount "95"]
[EventDate "2018.01.12"]
[EventType "tourn"]
[EventRounds "6"]
[EventCountry "CAN"]

1. d4 Nf6 2. c4 g6 3. Nc3 Bg7 4. e4 d6 5. f4 O-O 6. Nf3 Nbd7 7. Be2 e5 8. fxe5
dxe5 9. d5 Nc5 10. Bg5 h6 11. Bxf6 Qxf6 12. b4 Nd7 13. c5 a5 14. a3 Qf4 15. g3
Qe3 16. Qd2 Qxd2+ 17. Kxd2 Kh7 18. g4 c6 19. Bd3 Nf6 20. g5 hxg5 21. Nxg5+ Kh6
22. h4 cxd5 23. exd5 axb4 24. axb4 Rxa1 25. Rxa1 Nxd5 26. Nxd5 e4 27. Rf1 exd3
28. Nxf7+ Rxf7 29. Rxf7 Be6 30. Rxg7 Kxg7 31. Nf4 Bf5 32. Nxd3 g5 33. hxg5 Kg6
34. Ne5+ Kxg5 35. Nf7+ Kf4 36. Nd6 Be4 37. Kc3 Bg2 38. Kd4 Bf3 39. b5 Be2 40.
Kc3 Ke5 41. Kb4 Bf3 42. Ka5 Ke6 43. Kb6 Kd7 44. Nxb7 Bg4 45. c6+ Ke6 46. Kc7
Kd5 47. b6 Bc8 48. Nd8 1-0

[Event "Quebec-ch U16"]
[Site "Montreal CAN"]
[Date "2018.01.13"]
[Round "2"]
[White "Tinica, Gabriel"]
[Black "Ivakhin, Mikhail"]
[Result "0-1"]
[WhiteElo "1910"]
[BlackElo "2028"]
[PlyCount "40"]
[EventDate "2018.01.12"]
[EventType "tourn"]
[EventRounds "6"]
[EventCountry "CAN"]

1. d4 d5 2. Bf4 e6 3. e3 f5 4. Bd3 Nf6 5. c3 Bd6 6. Bxd6 Qxd6 7. Qc2 c5 8. Nd2
c4 9. Be2 Qc6 10. g4 fxg4 11. h3 g3 12. fxg3 Qc7 13. O-O-O O-O 14. g4 e5 15. e4
b5 16. Ngf3 exd4 17. cxd4 Nc6 18. Kb1 Qa5 19. Nb3 cxb3 20. Qxc6 Bd7 0-1

[Event "Quebec-ch U16"]
[Site "Montreal CAN"]
[Date "2018.01.13"]
[Round "3"]
[White "Durette, Francis"]
[Black "Tinica, Gabriel"]
[Result "1-0"]
[WhiteElo "2113"]
[BlackElo "1910"]
[PlyCount "75"]
[EventDate "2018.01.12"]
[EventType "tourn"]
[EventRounds "6"]
[EventCountry "CAN"]

1. c4 g6 2. Nc3 Bg7 3. g3 d6 4. Bg2 e5 5. e4 Be6 6. d3 Ne7 7. Nge2 Nbc6 8. O-O
O-O 9. Rb1 f5 10. Nd5 Qd7 11. Be3 Nc8 12. Qd2 Nd8 13. b3 c6 14. Ndc3 Ne7 15.
Na4 f4 16. gxf4 Bh3 17. f3 Bxg2 18. Kxg2 exf4 19. Nxf4 g5 20. Nh5 Ng6 21. Bxg5
Ne6 22. Kh1 Nxg5 23. Qxg5 Qh3 24. Nxg7 Kxg7 25. Qg3 Qxg3 26. hxg3 Ne5 27. f4
Nxd3 28. Rbd1 Nc5 29. Nxc5 dxc5 30. Rd7+ Rf7 31. Rfd1 Re8 32. e5 Ree7 33. Rxe7
Rxe7 34. Kg2 b5 35. Kf3 bxc4 36. bxc4 Rb7 37. Ke4 Rb2 38. Rd7+ 1-0

[Event "Quebec-ch U16"]
[Site "Montreal CAN"]
[Date "2018.01.13"]
[Round "3"]
[White "Ivakhin, Mikhail"]
[Black "Ouellet, Maili-Jade"]
[Result "1-0"]
[WhiteElo "2028"]
[BlackElo "2251"]
[PlyCount "147"]
[EventDate "2018.01.12"]
[EventType "tourn"]
[EventRounds "6"]
[EventCountry "CAN"]

1. d4 d5 2. e3 Nf6 3. f4 Bf5 4. Nf3 e6 5. Bd3 Bxd3 6. Qxd3 Nbd7 7. Nbd2 Bd6 8.
O-O O-O 9. c4 c5 10. b3 cxd4 11. Nxd4 Nc5 12. Qe2 Re8 13. b4 Nce4 14. c5 Bf8
15. Bb2 b6 16. cxb6 Qxb6 17. a3 Rac8 18. Rac1 Nxd2 19. Qxd2 Ne4 20. Qd3 Nd6 21.
Nf3 Nf5 22. Nd4 Nxd4 23. Bxd4 Qb7 24. Rxc8 Rxc8 25. f5 Bd6 26. fxe6 fxe6 27.
Bb2 Rc4 28. Qe2 Qe7 29. Qf3 h6 30. Bd4 Rc2 31. Qg4 e5 32. Ba1 Rc4 33. Qf5 Qe8
34. Bb2 Bc7 35. Rf3 Re4 36. h3 Bb6 37. Bc1 Qc6 38. Bd2 d4 39. b5 Qd5 40. Qf8+
Kh7 41. Rf7 Qxf7 42. Qxf7 dxe3 43. Be1 Rf4 44. Qd5 Bd4 45. Qa2 h5 46. Qe2 g6
47. Bg3 Rf7 48. a4 Rc7 49. Kh2 Rc3 50. Be1 Rb3 51. a5 Kh6 52. h4 Kg7 53. Qc4
Rb1 54. Bb4 e2 55. Qc7+ Kh8 56. Qd8+ Kh7 57. Qe7+ Kh8 58. Qf8+ Kh7 59. Qf7+ Kh8
60. Bd2 Be3 61. Qf8+ Kh7 62. Bc3 Bd4 63. Bb4 e1=Q 64. Bxe1 Rxe1 65. Qf7+ Kh8
66. b6 Bg1+ 67. Kh3 Re3+ 68. g3 Re2 69. g4 hxg4+ 70. Kxg4 Bxb6 71. axb6 axb6
72. Kg5 Rh2 73. Kxg6 Rg2+ 74. Kh6 1-0

[Event "Quebec-ch U16"]
[Site "Montreal CAN"]
[Date "2018.01.13"]
[Round "4"]
[White "Ivakhin, Mikhail"]
[Black "Durette, Francis"]
[Result "0-1"]
[WhiteElo "2028"]
[BlackElo "2113"]
[PlyCount "64"]
[EventDate "2018.01.12"]
[EventType "tourn"]
[EventRounds "6"]
[EventCountry "CAN"]

1. e4 d6 2. f4 g6 3. d3 Bg7 4. Nf3 Nf6 5. Be2 O-O 6. O-O Nc6 7. c3 e5 8. Na3 h6
9. Nc2 Be6 10. Qe1 a5 11. Nh4 exf4 12. Nf3 g5 13. h4 Nh7 14. d4 Bd7 15. Bc4 Ne7
16. a4 c6 17. hxg5 hxg5 18. Ba2 Ng6 19. Qe2 g4 20. Nh2 Qh4 21. Ne1 Ng5 22. Qd3
g3 23. Nhf3 Qh5 24. Qc2 Bg4 25. Rb1 Rae8 26. Nd3 Rxe4 27. Nxf4 Nxf4 28. Bxf4
Rxf4 29. Qd2 Rxf3 30. gxf3 Nxf3+ 31. Rxf3 Bxf3 32. Rf1 Qh1# 0-1

[Event "Quebec-ch U16"]
[Site "Montreal CAN"]
[Date "2018.01.13"]
[Round "4"]
[White "Tinica, Gabriel"]
[Black "Ouellet, Maili-Jade"]
[Result "1/2-1/2"]
[WhiteElo "1910"]
[BlackElo "2251"]
[PlyCount "153"]
[EventDate "2018.01.12"]
[EventType "tourn"]
[EventRounds "6"]
[EventCountry "CAN"]

1. d4 d5 2. Bf4 Nf6 3. e3 c5 4. c3 Nc6 5. Qc2 Qb6 6. Nd2 g6 7. b3 Bf5 8. Bd3
cxd4 9. Bxf5 dxc3 10. Qxc3 gxf5 11. Qd3 e6 12. a3 Bg7 13. Rb1 O-O 14. h3 e5 15.
Bg5 e4 16. Qe2 Ne5 17. g4 fxg4 18. Bxf6 Qxf6 19. hxg4 Qg5 20. Nh3 Qxg4 21. Qxg4
Nxg4 22. Nf4 Rfd8 23. Rg1 f5 24. Ke2 Kf7 25. b4 Rac8 26. Rgc1 d4 27. Rc5 Rxc5
28. bxc5 Rd7 29. exd4 Bxd4 30. Rh1 Nf6 31. Nc4 Kg8 32. Ne6 Bxc5 33. Nxc5 Rc7
34. Rg1+ Kh8 35. Ne5 Nd5 36. Ncd7 Nf4+ 37. Ke3 Ng6 38. Nxg6+ hxg6 39. Ne5 Kh7
40. Kd4 Rc2 41. Rxg6 Rxf2 42. Rf6 Rd2+ 43. Ke3 Ra2 44. Rxf5 Rxa3+ 45. Kxe4 Rb3
46. Rf3 Rb4+ 47. Kd3 Kg8 48. Kc3 Rb1 49. Rf2 Kg7 50. Rb2 Rc1+ 51. Kd2 Rc7 52.
Nd3 Kf6 53. Rb5 Ke7 54. Nb4 Ke6 55. Kd3 Rh7 56. Kc4 Kd6 57. Rd5+ Kc7 58. Rc5+
Kb8 59. Kb5 Rh6 60. Nc6+ Ka8 61. Nd8 a6+ 62. Kb4 Kb8 63. Nxb7 Kxb7 64. Ka3 Kb6
65. Rc2 Rh3+ 66. Ka2 a5 67. Rb2+ Kc5 68. Ka1 a4 69. Rc2+ Kb4 70. Rc1 Kb3 71.
Rg1 Kc2 72. Rg2+ Kb3 73. Rg1 a3 74. Rb1+ Ka4 75. Rg1 Rc3 76. Rf1 Kb3 77. Rg1
1/2-1/2

[Event "Quebec-ch U16"]
[Site "Montreal CAN"]
[Date "2018.01.14"]
[Round "5"]
[White "Durette, Francis"]
[Black "Ouellet, Maili-Jade"]
[Result "0-1"]
[WhiteElo "2113"]
[BlackElo "2251"]
[PlyCount "168"]
[EventDate "2018.01.12"]
[EventType "tourn"]
[EventRounds "6"]
[EventCountry "CAN"]

1. c4 e6 2. d4 d5 3. Nc3 Nf6 4. Nf3 Be7 5. Bf4 O-O 6. e3 Nbd7 7. Be2 dxc4 8.
Bxc4 a6 9. h3 b5 10. Bd3 Bb7 11. O-O c5 12. Bh2 Qb6 13. dxc5 Nxc5 14. Bc2 Rfd8
15. Qe2 Rac8 16. Nd4 b4 17. Na4 Nxa4 18. Bxa4 Ne4 19. Rfd1 Bh4 20. f3 Bf2+ 21.
Kh1 Ng3+ 22. Bxg3 Bxg3 23. Bc2 g6 24. Rd2 Qc5 25. Rad1 Qh5 26. Qf1 Bc7 27. Qf2
Qe5 28. f4 Qh5 29. Nf3 Rxd2 30. Rxd2 Bb6 31. Re2 a5 32. Kh2 Qc5 33. Ne5 Rd8 34.
Ba4 Ba6 35. Re1 Bb5 36. Bxb5 Qxb5 37. Rc1 Kg7 38. b3 f6 39. Nc4 Ba7 40. Qf3 Rd5
41. Qg4 Qd7 42. Qf3 a4 43. Nb2 axb3 44. axb3 Rd2 45. Nc4 Rd3 46. Rb1 Qd5 47.
Qe2 Qe4 48. g3 Rxe3 49. Nxe3 Qxb1 50. Qd2 Bxe3 51. Qxe3 Qc2+ 52. Kg1 Qd1+ 53.
Kg2 Qd5+ 54. Kh2 g5 55. fxg5 fxg5 56. g4 Qd6+ 57. Kh1 Qd5+ 58. Kh2 Kg6 59. Kg1
h5 60. Kh2 Qd6+ 61. Kg2 Qd5+ 62. Kh2 Qd6+ 63. Kg2 Qc6+ 64. Kg1 h4 65. Qd3+ Kh6
66. Qd4 Qc1+ 67. Kg2 Qc2+ 68. Kg1 Qc3 69. Qf2 Kg6 70. Qe2 Qg3+ 71. Kf1 Qxh3+
72. Kg1 Qg3+ 73. Kf1 Qxb3 74. Qe4+ Kf6 75. Qd4+ Ke7 76. Qg7+ Kd6 77. Qf8+ Kd5
78. Qa8+ Ke5 79. Qh8+ Ke4 80. Qa8+ Kf4 81. Qc6 Qd1+ 82. Kf2 Qd2+ 83. Kf1 Qd3+
84. Ke1 Qe4+ 0-1

[Event "Quebec-ch U16"]
[Site "Montreal CAN"]
[Date "2018.01.14"]
[Round "5"]
[White "Ivakhin, Mikhail"]
[Black "Tinica, Gabriel"]
[Result "0-1"]
[WhiteElo "2028"]
[BlackElo "1910"]
[PlyCount "140"]
[EventDate "2018.01.12"]
[EventType "tourn"]
[EventRounds "6"]
[EventCountry "CAN"]

1. d4 Nf6 2. e3 g6 3. f4 Bg7 4. Nf3 O-O 5. Bc4 d6 6. O-O c5 7. c3 a6 8. a4 Nc6
9. Ba2 Qc7 10. Qe2 Ne4 11. Nbd2 Nxd2 12. Bxd2 Bg4 13. h3 Bxf3 14. Qxf3 cxd4 15.
exd4 e6 16. Kh1 Ne7 17. Rae1 Qc6 18. Qxc6 bxc6 19. g4 d5 20. Bb1 Rfe8 21. Bd3
a5 22. Kg2 Rab8 23. Bc1 Nc8 24. Re2 Nd6 25. Rfe1 Bh6 26. Kf3 Kf8 27. Be3 f5 28.
g5 Bg7 29. Rb1 Ne4 30. Bf2 Rb7 31. Rc1 Reb8 32. Rcc2 Rb3 33. Bxe4 fxe4+ 34. Kg2
Ke7 35. Kf1 Kd7 36. Ke1 Rf8 37. Be3 Rfb8 38. Kd1 R8b7 39. h4 Ke7 40. Kc1 Kf7
41. Kb1 Ra3 42. Kc1 Rxa4 43. Kd2 Ra2 44. b3 Ra3 45. Rb2 Raxb3 46. Rxb3 Rxb3 47.
Kc2 a4 48. Bd2 Bf8 49. Re1 Rb6 50. c4 Ba3 51. Bc3 Rb3 52. c5 Bb4 53. Bxb4 Rxb4
54. Rd1 a3 55. Kc3 Rb7 56. Ra1 Ra7 57. Kb4 a2 58. Kb3 Rb7+ 59. Kc2 Ra7 60. Kb3
Ra6 61. Kc3 e3 62. Kc2 Ke7 63. Kc3 Kd7 64. Kc2 Kc7 65. Kc3 Kb7 66. Kc2 Ra5 67.
Kc3 Ka6 68. Kc2 Kb5 69. Kc3 Ra6 70. Kc2 Kc4 0-1

[Event "Quebec-ch U16"]
[Site "Montreal CAN"]
[Date "2018.01.14"]
[Round "6"]
[White "Ouellet, Maili-Jade"]
[Black "Ivakhin, Mikhail"]
[Result "1-0"]
[WhiteElo "2251"]
[BlackElo "2028"]
[PlyCount "113"]
[EventDate "2018.01.12"]
[EventType "tourn"]
[EventRounds "6"]
[EventCountry "CAN"]

1. d4 d5 2. c4 e6 3. Nc3 f5 4. Nf3 Nf6 5. Bf4 c6 6. e3 Bd6 7. Bd3 O-O 8. O-O
Ne4 9. Qc2 Qe7 10. c5 Bc7 11. b4 h6 12. Ne2 g5 13. Bxc7 Qxc7 14. Ne5 Nd7 15. f4
Nef6 16. a4 Kh7 17. Bxf5+ Kg7 18. Bd3 Ng8 19. Ng3 Nxe5 20. fxe5 Bd7 21. Nh5+
Kh8 22. Qe2 Qd8 23. Rxf8 Qxf8 24. Rf1 Qe7 25. Bc2 Rf8 26. Qd3 Rxf1+ 27. Kxf1
Qf7+ 28. Ke1 Be8 29. Ng3 Ne7 30. Ne2 Qg7 31. Nc1 Bg6 32. Qe2 Qh7 33. Nd3 Be4
34. b5 Nf5 35. g3 Qc7 36. Qd2 Qd7 37. b6 axb6 38. cxb6 Qd8 39. a5 Qa8 40. Ke2
Qf8 41. Qc3 Qa8 42. Qb4 g4 43. Kd2 Qa6 44. Qc5 Kg8 45. Qc3 Qb5 46. Ne1 Bxc2 47.
Nxc2 Qf1 48. Qd3 Qb1 49. Qa3 Qf1 50. a6 Qf2+ 51. Kc1 Qf1+ 52. Kb2 Qb5+ 53. Kc3
Qc4+ 54. Kd2 Nxe3 55. Qxe3 Qxa6 56. Qxh6 Qa5+ 57. Kc1 1-0

[Event "Quebec-ch U18"]
[Site "Montreal CAN"]
[Date "2018.01.12"]
[Round "1"]
[White "Li, Yi Lin"]
[Black "Turgeon, Yoakim"]
[Result "1/2-1/2"]
[WhiteElo "1952"]
[BlackElo "1809"]
[PlyCount "96"]
[EventDate "2018.01.12"]
[EventType "tourn"]
[EventRounds "6"]
[EventCountry "CAN"]

1. e4 e5 2. Nf3 Nc6 3. Bb5 a6 4. Ba4 Nf6 5. O-O Be7 6. Re1 b5 7. Bb3 O-O 8. c3
d5 9. d3 dxe4 10. dxe4 Qxd1 11. Bxd1 Bc5 12. h3 h6 13. b4 Bb6 14. a4 Be6 15. a5
Ba7 16. Be3 Bxe3 17. Rxe3 Rad8 18. Nbd2 Nd7 19. Bb3 Rfe8 20. Kf1 g6 21. g4 Kg7
22. Ke2 Nf6 23. Bxe6 Rxe6 24. Nb3 Nd7 25. Rd1 Rd6 26. Red3 Nf8 27. Nc5 Ne6 28.
Rxd6 cxd6 29. Nb7 Nf4+ 30. Ke3 Rd7 31. Rxd6 Rxd6 32. Nxd6 Nxh3 33. Nb7 f6 34.
Nc5 Nb8 35. Nd2 h5 36. gxh5 gxh5 37. c4 bxc4 38. Nxc4 h4 39. Nd2 Nf4 40. Nf1
Kf7 41. Nd3 Ne6 42. f4 Nc6 43. fxe5 Nxe5 44. Nxe5+ fxe5 45. Kd3 Ke7 46. Kc4 Kd6
47. b5 axb5+ 48. Kxb5 Kc7 1/2-1/2

[Event "Quebec-ch U18"]
[Site "Montreal CAN"]
[Date "2018.01.13"]
[Round "2"]
[White "Saine, Zachary"]
[Black "Turgeon, Yoakim"]
[Result "1/2-1/2"]
[WhiteElo "1999"]
[BlackElo "1809"]
[PlyCount "90"]
[EventDate "2018.01.12"]
[EventType "tourn"]
[EventRounds "6"]
[EventCountry "CAN"]

1. e4 e5 2. Nf3 Nc6 3. Bc4 Bc5 4. c3 Nf6 5. d4 exd4 6. cxd4 Bb4+ 7. Bd2 Bxd2+
8. Nbxd2 d5 9. exd5 Nxd5 10. Qb3 Nce7 11. O-O O-O 12. Rfe1 c6 13. Rac1 Qb6 14.
Ne4 Qxb3 15. Bxb3 h6 16. Nc3 Be6 17. Nxd5 Nxd5 18. Bxd5 Bxd5 19. Re7 Rfd8 20.
b3 Kf8 21. Rc7 a5 22. Ne5 Rac8 23. Rxb7 c5 24. Ra7 cxd4 25. Rxc8 Rxc8 26. h3
Rc1+ 27. Kh2 Be4 28. f3 d3 29. Rd7 Bf5 30. Rd4 Rc2 31. a4 Rc3 32. Nc4 Rxb3 33.
Nxa5 Ra3 34. Nc6 f6 35. a5 Ra2 36. Kg3 g5 37. f4 d2 38. Kf3 Bc2 39. Rxd2 Be4+
40. Kxe4 Rxd2 41. a6 Ra2 42. a7 Ke8 43. Kf5 Kd7 44. Nd4 Rxa7 45. Kxf6 gxf4
1/2-1/2

[Event "Quebec-ch U18"]
[Site "Montreal CAN"]
[Date "2018.01.13"]
[Round "3"]
[White "Turgeon, Yoakim"]
[Black "Saine, Zachary"]
[Result "1-0"]
[WhiteElo "1809"]
[BlackElo "1999"]
[PlyCount "25"]
[EventDate "2018.01.12"]
[EventType "tourn"]
[EventRounds "6"]
[EventCountry "CAN"]

1. d4 d5 2. e3 Nf6 3. Bd3 e6 4. f4 b6 5. c3 Bb7 6. Nf3 Nbd7 7. Ne5 Ne4 8. O-O
g6 9. Nd2 Ndf6 10. Bb5+ Ke7 11. Bc6 Qc8 12. Qa4 Bh6 13. Nxe4 1-0

[Event "Quebec-ch U18"]
[Site "Montreal CAN"]
[Date "2018.01.13"]
[Round "4"]
[White "Turgeon, Yoakim"]
[Black "Li, Yi Lin"]
[Result "1/2-1/2"]
[WhiteElo "1809"]
[BlackElo "1952"]
[PlyCount "34"]
[EventDate "2018.01.12"]
[EventType "tourn"]
[EventRounds "6"]
[EventCountry "CAN"]

1. d4 d5 2. e3 Nf6 3. Bd3 e6 4. f4 c5 5. c3 Nc6 6. Nf3 Ne4 7. Nbd2 f5 8. O-O
Nxd2 9. Bxd2 c4 10. Bc2 Be7 11. b3 O-O 12. Qe2 Na5 13. Ne5 Bf6 14. bxc4 Bxe5
15. fxe5 Nxc4 16. Bd3 b5 17. Bxc4 bxc4 1/2-1/2